<?xml version="1.0" encoding="UTF-8"?>
<record
    xmlns:xsi="http://www.w3.org/2001/XMLSchema-instance"
    xsi:schemaLocation="http://www.loc.gov/MARC21/slim http://www.loc.gov/standards/marcxml/schema/MARC21slim.xsd"
    xmlns="http://www.loc.gov/MARC21/slim">

  <leader>00904nam a2200181   4500</leader>
  <datafield tag="010" ind1=" " ind2=" ">
    <subfield code="a">HIN-130888</subfield>
  </datafield>
  <datafield tag="020" ind1=" " ind2=" ">
    <subfield code="a">9789369447503</subfield>
    <subfield code="c">825.00                                                            </subfield>
  </datafield>
  <datafield tag="035" ind1=" " ind2=" ">
    <subfield code="a">HN-103234  </subfield>
  </datafield>
  <datafield tag="037" ind1=" " ind2=" ">
    <subfield code="b">DBAD</subfield>
  </datafield>
  <datafield tag="082" ind1=" " ind2=" ">
    <subfield code="a">822</subfield>
  </datafield>
  <datafield tag="245" ind1=" " ind2=" ">
    <subfield code="a">&#x936;&#x902;&#x915;&#x930;&#x926;&#x947;&#x935; &#x915;&#x947; &#x928;&#x93E;&#x91F; :&#x92D;&#x915;&#x94D;&#x924;&#x93F; &#x906;&#x928;&#x94D;&#x926;&#x94B;&#x932;&#x928; &#x915;&#x940; &#x905;&#x928;&#x92E;&#x94B;&#x932; &#x928;&#x93F;&#x927;&#x93F; </subfield>
    <subfield code="c">&#x930;&#x940;&#x924;&#x93E;&#x92E;&#x923;&#x93F; &#x935;&#x948;&#x936;&#x94D;&#x92F; &#x926;&#x94D;&#x935;&#x93E;&#x930;&#x93E; &#x938;&#x902;&#x92A;&#x93E;&#x926;&#x93F;&#x924; </subfield>
    <subfield code="b">&#x92E;&#x942;&#x932; &#x924;&#x925;&#x93E; &#x905;&#x928;&#x941;&#x935;&#x93E;&#x926; &#x938;&#x939;&#x93F;&#x924; /</subfield>
  </datafield>
  <datafield tag="250" ind1=" " ind2=" ">
    <subfield code="a"> </subfield>
  </datafield>
  <datafield tag="260" ind1=" " ind2=" ">
    <subfield code="a">&#x928;&#x908; &#x926;&#x93F;&#x932;&#x94D;&#x932;&#x940; </subfield>
    <subfield code="b">&#x935;&#x93E;&#x923;&#x940;  &#x92A;&#x94D;&#x930;&#x915;&#x93E;&#x936;&#x928; </subfield>
    <subfield code="c">2025</subfield>
  </datafield>
  <datafield tag="270" ind1=" " ind2=" ">
    <subfield code="a">4695,21-&#x90F;, &#x926;&#x930;&#x93F;&#x92F;&#x93E;&#x917;&#x902;&#x91C;,</subfield>
    <subfield code="b">&#x928;&#x908; &#x926;&#x93F;&#x932;&#x94D;&#x932;&#x940; </subfield>
    <subfield code="e">110002 </subfield>
  </datafield>
  <datafield tag="300" ind1=" " ind2=" ">
    <subfield code="a">318&#x92A;&#x943;.</subfield>
    <subfield code="c">22&#x938;&#x947;&#x92E;&#x940; (&#x938;&#x91C;&#x93F;&#x932;&#x94D;&#x926;)</subfield>
  </datafield>
  <datafield tag="700" ind1=" " ind2=" ">
    <subfield code="a">&#x930;&#x940;&#x924;&#x93E;&#x92E;&#x923;&#x93F; &#x935;&#x948;&#x936;&#x94D;&#x92F;</subfield>
    <subfield code="9">86690</subfield>
  </datafield>
  <datafield tag="942" ind1=" " ind2=" ">
    <subfield code="2">ddc</subfield>
    <subfield code="c">HN</subfield>
    <subfield code="h">822</subfield>
    <subfield code="m">&#x936;&#x902;&#x915;&#x930;</subfield>
  </datafield>
  <datafield tag="999" ind1=" " ind2=" ">
    <subfield code="c">214356</subfield>
    <subfield code="d">214356</subfield>
  </datafield>
  <datafield tag="952" ind1=" " ind2=" ">
    <subfield code="0">0</subfield>
    <subfield code="1">0</subfield>
    <subfield code="4">0</subfield>
    <subfield code="7">0</subfield>
    <subfield code="8">NFIC</subfield>
    <subfield code="a">JP</subfield>
    <subfield code="b">JP</subfield>
    <subfield code="d">2026-01-21</subfield>
    <subfield code="e">DBAD</subfield>
    <subfield code="g">825.00</subfield>
    <subfield code="l">0</subfield>
    <subfield code="o">822 &#x936;&#x902;&#x915;&#x930;</subfield>
    <subfield code="p">HN-103234</subfield>
    <subfield code="r">2026-01-21 00:00:00</subfield>
    <subfield code="t">1</subfield>
    <subfield code="v">825.00</subfield>
    <subfield code="w">2026-01-21</subfield>
    <subfield code="y">HN</subfield>
  </datafield>
</record>
